000 00515nam a22001937a 4500
003 LK-CoMWRAF
005 20240120175011.0
008 240120b1980 |||||||| |||| 00| 0 eng d
040 _aLK-CoMWRAF
_dLK-CoMWRAF
_eLK-CoMWRAF
041 _aeng
082 _a016.3054
_bWOM
245 _aWomen in development:
_bA bibliography
250 _a4th ed.
260 _aThe Hague:
_binstitute of Social Studies,
_c1980
300 _aiii., 76 p.
650 _aFEMINISM-Bibliographies
700 _aBaas, Ettie
942 _cBK
999 _c4665
_d4665